| 000 | 00671nam a2200253Ia 4500 | ||
|---|---|---|---|
| 003 | OSt | ||
| 005 | 20221005085725.0 | ||
| 006 | a|||||r|||| 00| 0 | ||
| 007 | ta | ||
| 008 | 221004b |||||||| |||| 00| 0 eng d | ||
| 020 | _a0824206959 | ||
| 024 | _a26708 | ||
| 037 | _cTextual | ||
| 040 |
_aCRL _cCRL _beng |
||
| 041 |
_2eng _aeng |
||
| 082 | _aM15, M3 (ULO) | ||
| 100 |
_aGreenfield Jane _9614547 |
||
| 245 | 0 |
_aBooks _b Their Care and repair |
|
| 260 |
_aNew York _bH W Wilson co. USA _c1983 |
||
| 300 |
_a204p. _ccm. |
||
| 650 | _aINDUSTRIAL ARTS | ||
| 942 |
_hM15, M3 (ULO) _cTEXL _2cc |
||
| 999 |
_c994692 _d994692 |
||